000 00983nam a2200325Ia 4500
001 35677
003 IT-RoPAU
008 130308s9999 xx 000 0 und d
040 _aIT-RoPAU
040 _cIT-RoPAU
041 _aITALIANO
100 _aMonroy Antonio
100 _gCodice Aut. SPICS: 16968
245 _aSrirangam dai meravigliosi alberi-Antonio Martinelli
245 _bSrirangam Dai meravigliosi Alberi-Antonio Martinelli
250 _a1a ed.
260 _aMILANO
260 _bEditphoto
260 _c1978 [1° Ed.:1978 - Ed.Ling.Originale:1978]
300 _a"24 p. (prefazione: no ; testo: 24)"
500 _aFotografie e commento di Antonio Martinelli presentazione del fotografo e della Sua fotografia di Antonio Monroy
650 _aAUTORI/OPERE DI FOTOGRAFIA
650 _eCodice materia Spics: 6757
700 _aMartinelli Antonio
700 _gCodice Aut. SPICS: 16973
942 _cBK
957 _71
999 _c70643
_d70643
999 _bSI
999 _g1